00923nam a2200229 a 450000100100000000500170001000800410002704000250006808200190009310000250011224500510013726000350018830000210022350000670024465000520031165000900036365000670045391000330052004900090055395201160056299900150067800000639720200929153927.0090828s1997 dr 001 0 spa d aDO-SdBNPbspacBNPHU a346.044bM843d1 aMoreno, Santa91778313aEl derecho del medio ambiente /cSanta Moreno. aSanto Domingo :bSolar,c1997. a118 p. :b21 cm. aIncluye datos biográficos de la autora en la contracubierta. 4aDerecho ambientalzRepública Dominicana99697 4aConservación de los recursos naturalesxLegislaciónzRepública Dominicana99785 4aControl ambientalxLegislaciónzRepública Dominicana99699 aValidado. Control de calidad aBNPD 0010718PDaPDbPDcHDd2009-08-28iLF1l0o346.044 M843dp6397-10r2020-06-25w2020-06-25yLFPDZNo se presta c6192d6192